000 00482nam a2200169Ia 4500
008 090201s9999 xx 000 0 und d
010 _aKPL-72336
040 _bमराठी
041 _aमराठी
082 _a52608
_b72336
100 _aबाबा कदम
245 _aरानजाई
_cबाबा कदम
260 _c1987
_bशशिदीप प्रकाशन
300 _a289
_bलहान
600 _aरानजाई
942 _cBOOK
999 _c249054
_d249054